Catálogo
 En Linea

Memoria que al ciudadano presidente de la república presenta el ciudadano ministro de correos y telégrafos, acompañada de varios anexos, entre los cuales figura la memoria del ciudadano administrador general de correo i la estadística postal correspondiente al año de 1893. (Registro nro. 31832)

Detalles MARC
000 -CABECERA
campo de control de longitud fija 00759nam a2200157 a 4500
001 - NÚMERO DE CONTROL
campo de control 000032341
005 - FECHA Y HORA DE LA ÚLTIMA TRANSACCIÓN
campo de control 20200930065605.0
008 - DATOS DE LONGITUD FIJA--INFORMACIÓN GENERAL
campo de control de longitud fija 110714s1894 dr 000 0 spa d
040 ## - FUENTE DE LA CATALOGACIÓN
Centro catalogador/agencia de origen DO-SdBNP
Lengua de catalogación spa
Centro/agencia transcriptor BNPHU
082 ## - NÚMERO DE LA CLASIFICACIÓN DECIMAL DEWEY
Número de clasificación xxxx
Número de documento/Ítem M533c
049 ## - FONDOS LOCALES (OCLC)
Fondos de biblioteca BNPD
245 00 - MENCIÓN DE TÍTULO
Título Memoria que al ciudadano presidente de la república presenta el ciudadano ministro de correos y telégrafos, acompañada de varios anexos, entre los cuales figura la memoria del ciudadano administrador general de correo i la estadística postal correspondiente al año de 1893.
260 ## - PUBLICACIÓN, DISTRIBUCIÓN, ETC.
Lugar de publicación, distribución, etc. Santo Domingo :
Nombre del editor, distribuidor, etc. Imprenta "Cuna de América" J. R. Roques,
Fecha de publicación, distribución, etc. 1894.
300 ## - DESCRIPCIÓN FÍSICA
Extensión 42 p. ;
Dimensiones 23 cm.
500 ## - NOTA GENERAL
Nota general Incluye estadística postal de la República Dominicana correspondiente al año de 1894.
Existencias
Estado de retiro Estado de pérdida No para préstamo Código de colección Localización permanente Ubicación/localización actual Ubicación en estantería Fecha de adquisición Número de inventario Total de préstamos Signatura topográfica completa Código de barras Fecha visto por última vez Precio válido a partir de Tipo de ítem Koha Nota pública
    Excluido de préstamo Patrimonio Dominicano Patrimonio Dominicano Patrimonio Dominicano En catalogación 14.07.2011 LF1   xxxx M533c 32341-10 25.06.2020 25.06.2020 Libro y Folleto Colección Patrimonio Dominicano Perteneció a la biblioteca personal de Julio Ortega Frier

Con tecnología Koha